[Event "Asia U20 Girls op"]
[Site "Tashkent"]
[Date "2012.06.06"]
[Round "8"]
[White "Vo Thi Kim, Phung"]
[Black "Nandhidhaa, PV."]
[Result "1-0"]
[WhiteElo "2155"]
[BlackElo "2176"]
[PlyCount "121"]
[EventDate "2012.05.30"]
[EventType "swiss"]
[EventRounds "9"]
[EventCountry "UZB"]
[SourceTitle "CBM 148 Extra"]
[Source "ChessBase"]
[SourceDate "2012.06.22"]
[SourceVersion "1"]
[SourceVersionDate "2012.06.22"]
[SourceQuality "1"]

1. d4 d5 2. Nf3 Nf6 3. Bf4 c5 4. e3 Nc6 5. Be2 Qb6 6. Nc3 c4 7. Rb1 Bf5 8. a3 e6 9. Ne5 Nxe5 10. Bxe5 Nd7 11. Bg3 Qc6 12. 0-0 Be7 13. Bf3 0-0 14. Re1 Nf6 15. Bh4 Rfd8 16. g4 Bg6 17. Bg3 h6 18. Kg2 b5 19. Ne2 Ne4 20. Bxe4 Bxe4+ 21. f3 Bh7 22. Ra1 a5 23. h4 f5 24. g5 hxg5 25. hxg5 Bxg5 26. f4 Bf6 27. Rh1 Bg6 28. Qe1 Kf7 29. Bh4 Rh8 30. Bxf6 gxf6 31. Rxh8 Rxh8 32. Qxa5 e5 33. Qa7+ Kf8 34. Rg1 Bh5 35. Ng3 Bg4 36. Rh1 Rxh1 37. Kxh1 c3 38. b4 exd4 39. exd4 Qc4 40. Qc5+ Kf7 41. Kg1 Ke6 42. Kf2 Bd1 43. Ke3 Bxc2 44. Qxc4 dxc4 45. Ne2 Be4 46. Nxc3 Bc6 47. d5+ Bxd5 48. Nxb5 Be4 49. Kd4 Bd3 50. Nc7+ Kd6 51. Nd5 Kc6 52. a4 Bc2 53. b5+ Kd6 54. a5 Bd3 55. a6 Be4 56. Nc3 Bg2 57. Kxc4 Bf3 58. Kb4 Bg2 59. b6 Kc6 60. Ka5 Bf1 61. Nd5 1-0

[Event "Asia U20 Girls op"]
[Site "Tashkent"]
[Date "2012.06.05"]
[Round "7"]
[White "Saranya, J."]
[Black "Vo Thi Kim, Phung"]
[Result "1-0"]
[WhiteElo "2091"]
[BlackElo "2155"]
[PlyCount "137"]
[EventDate "2012.05.30"]
[EventType "swiss"]
[EventRounds "9"]
[EventCountry "UZB"]
[SourceTitle "CBM 148 Extra"]
[Source "ChessBase"]
[SourceDate "2012.06.22"]
[SourceVersion "1"]
[SourceVersionDate "2012.06.22"]
[SourceQuality "1"]

1. e4 c5 2. Nf3 g6 3. c3 d5 4. Bb5+ Bd7 5. Bxd7+ Qxd7 6. exd5 Qxd5 7. 0-0 Nc6 8. d4 Bg7 9. dxc5 Qxc5 10. Qb3 Qb6 11. Qxb6 axb6 12. Be3 b5 13. Na3 b4 14. Nb5 Rc8 15. cxb4 Nxb4 16. Rac1 Nc6 17. Nfd4 Nf6 18. Nxc6 Rxc6 19. Nd4 Rxc1 20. Rxc1 Nd5 21. Rc5 Nxe3 22. fxe3 Bxd4 23. exd4 Kd7 24. Rb5 Kc6 25. Rc5+ Kd6 26. Kf2 e6 27. Ke3 f6 28. Rb5 Kc6 29. Rc5+ Kb6 30. g4 Re8 31. g5 fxg5 32. Rxg5 Rf8 33. Re5 Rf6 34. Kd3 Kc7 35. Rc5+ Kb6 36. Re5 Ka7 37. b4 h6 38. h4 Kb6 39. a4 Kc6 40. Rc5+ Kd6 41. Rb5 Kc6 42. Rc5+ Kd6 43. Rb5 Kc7 44. Rc5+ Kb6 45. Rc8 Rf3+ 46. Kc4 Rf1 47. a5+ Ka7 48. Re8 Rc1+ 49. Kd3 Rb1 50. Rxe6 g5 51. hxg5 hxg5 52. Kc4 Rc1+ 53. Kb5 Rd1 54. Re4 Rd2 55. Rg4 Rd1 56. Kc5 Rc1+ 57. Kd6 Ka6 58. d5 Kb5 59. Kd7 Rc4 60. Rxg5 Rxb4 61. d6+ Ka6 62. Kd8 b6 63. d7 bxa5 64. Kc7 Rb7+ 65. Kc8 Rxd7 66. Kxd7 a4 67. Kc6 a3 68. Rg3 Ka5 69. Rxa3+ 1-0

[Event "Asia U20 Girls op"]
[Site "Tashkent"]
[Date "2012.06.03"]
[Round "5"]
[White "Vo Thi Kim, Phung"]
[Black "Pujari, Rucha"]
[Result "1-0"]
[WhiteElo "2155"]
[BlackElo "2192"]
[PlyCount "111"]
[EventDate "2012.05.30"]
[EventType "swiss"]
[EventRounds "9"]
[EventCountry "UZB"]
[SourceTitle "CBM 148 Extra"]
[Source "ChessBase"]
[SourceDate "2012.06.22"]
[SourceVersion "1"]
[SourceVersionDate "2012.06.22"]
[SourceQuality "1"]

1. d4 d5 2. Nf3 Nf6 3. e3 e6 4. c4 Be7 5. Bd3 0-0 6. 0-0 dxc4 7. Bxc4 c5 8. a3 cxd4 9. exd4 a6 10. a4 b6 11. Qe2 Nc6 12. Rd1 Nb4 13. Ne5 Bb7 14. Nc3 Nbd5 15. Bg5 h6 16. Be3 Bb4 17. Nxd5 Nxd5 18. Qh5 Nxe3 19. fxe3 Qg5 20. Qxg5 hxg5 21. Rac1 Rfc8 22. Nd3 Bd6 23. Nf2 Bd5 24. Bxd5 exd5 25. Nd3 f6 26. Kf2 Kf7 27. h3 Ke6 28. Rxc8 Rxc8 29. Rc1 Rxc1 30. Nxc1 Kd7 31. Nd3 Kc6 32. b4 Kd7 33. b5 a5 34. Kf3 f5 35. g3 Ke6 36. Ne1 Kf6 37. Ng2 Bc7 38. g4 g6 39. h4 gxh4 40. Nxh4 Kg5 41. gxf5 gxf5 42. Ng2 Bd6 43. Ne1 f4 44. Ng2 fxe3 45. Nxe3 Bc7 46. Nxd5 Bd8 47. Ke4 Kg4 48. Ne3+ Kg3 49. Nc4 Kf2 50. d5 Ke2 51. d6 Kd1 52. Kd5 Kc2 53. Kc6 Kb3 54. Nxb6 Kb4 55. Nd5+ Kxa4 56. b6 1-0

[Event "Asian Continental op (Women) 11th"]
[Site "Ho Chi Minh City"]
[Date "2012.05.13"]
[Round "9"]
[White "Vo Thi Kim, Phung"]
[Black "Hoang, Thi Nhu Y"]
[Result "1/2-1/2"]
[WhiteElo "2155"]
[BlackElo "2238"]
[PlyCount "64"]
[EventDate "2012.05.05"]
[EventType "swiss"]
[EventRounds "9"]
[EventCountry "VIE"]
[SourceTitle "CBM 148 Extra"]
[Source "ChessBase"]
[SourceDate "2012.06.22"]
[SourceVersion "1"]
[SourceVersionDate "2012.06.22"]
[SourceQuality "1"]

1. d4 d5 2. c4 c6 3. Nc3 Nf6 4. Nf3 a6 5. cxd5 cxd5 6. Bf4 Nc6 7. a3 Bf5 8. e3 e6 9. Bd3 Bxd3 10. Qxd3 Bd6 11. Bxd6 Qxd6 12. 0-0 0-0 13. b4 b5 14. Rac1 Rac8 15. Rc2 Rc7 16. Rfc1 Rfc8 17. h3 h6 18. Nb1 Ne7 19. Rxc7 Rxc7 20. Rxc7 Qxc7 21. Qc3 Qxc3 22. Nxc3 Nc6 23. Kf1 Kf8 24. Ke2 Ke7 25. Kd3 Kd6 26. Kc2 Kc7 27. Kb3 Kb6 28. Ne1 Ne8 29. Nd3 Nd6 30. Nc5 Nc4 31. Nd7+ Kc7 32. Nc5 Kb6 1/2-1/2

[Event "Asian Continental op (Women) 11th"]
[Site "Ho Chi Minh City"]
[Date "2012.05.07"]
[Round "3"]
[White "Ton, Nu Hong An"]
[Black "Vo Thi Kim, Phung"]
[Result "0-1"]
[WhiteElo "1997"]
[BlackElo "2155"]
[PlyCount "54"]
[EventDate "2012.05.05"]
[EventType "swiss"]
[EventRounds "9"]
[EventCountry "VIE"]
[SourceTitle "CBM 148 Extra"]
[Source "ChessBase"]
[SourceDate "2012.06.22"]
[SourceVersion "1"]
[SourceVersionDate "2012.06.22"]
[SourceQuality "1"]

1. d4 e6 2. c4 Bb4+ 3. Nc3 b6 4. e3 Bxc3+ 5. bxc3 Nf6 6. Qf3 d5 7. Ba3 Nbd7 8. cxd5 exd5 9. Bb5 Bb7 10. Qg3 c6 11. Bd3 g6 12. h4 Rc8 13. Nf3 c5 14. Ne5 Qe7 15. Rb1 Nxe5 16. dxe5 Ne4 17. Bxe4 dxe4 18. Rd1 Qe6 19. 0-0 0-0 20. c4 Rcd8 21. Qg5 Rd3 22. Bb2 Qxc4 23. e6 Qxe6 24. f4 f6 25. Qg3 Qf5 26. Rxd3 exd3 27. Rf2 c4 0-1

[Event "VIE-ch (Women)"]
[Site "Can Tho"]
[Date "2012.03.22"]
[Round "6"]
[White "Vo Thi Kim, Phung"]
[Black "Le, Phu Nguyen Thao"]
[Result "1-0"]
[WhiteElo "2156"]
[BlackElo "2050"]
[PlyCount "117"]
[EventDate "2012.03.19"]
[EventType "swiss"]
[EventRounds "9"]
[EventCountry "VIE"]
[SourceTitle "EXT 2013"]
[Source "ChessBase"]
[SourceDate "2012.11.22"]
[SourceVersion "1"]
[SourceVersionDate "2012.11.22"]
[SourceQuality "1"]

1. d4 d5 2. Nf3 e6 3. Bf4 Bd6 4. Ne5 Ne7 5. e3 0-0 6. Nd2 Bxe5 7. Bxe5 c5 8. c3 Nbc6 9. Bg3 cxd4 10. cxd4 Nf5 11. Bd3 Nb4 12. Bxf5 exf5 13. 0-0 f4 14. Bxf4 Bf5 15. a3 Nd3 16. b4 Nxf4 17. exf4 Qf6 18. Nb3 Rac8 19. Rc1 Rxc1 20. Qxc1 Rc8 21. Qe3 h6 22. Rc1 Rc4 23. Rxc4 dxc4 24. Nc1 Qc6 25. h3 Qa4 26. Kh2 Be6 27. Ne2 a5 28. bxa5 Qxa5 29. Qe5 Qd2 30. Qe3 Qa5 31. Qc1 Qd5 32. Qd2 Bd7 33. Nc3 Qd6 34. a4 Qb4 35. d5 Bxa4 36. Qd4 Bd7 37. Ne4 b6 38. Qe5 Qf8 39. Qc7 Qc8 40. Qxb6 c3 41. Nxc3 Bxh3 42. Qc6 Bd7 43. Qxc8+ Bxc8 44. Kg3 Kf8 45. Kf3 Ke7 46. Ke4 Kf6 47. Ne2 Bf5+ 48. Kd4 g5 49. fxg5+ hxg5 50. Ng3 Bg6 51. Ne4+ Kf5 52. Nc5 f6 53. d6 Be8 54. d7 Bxd7 55. Nxd7 g4 56. g3 Kg5 57. Nxf6 Kxf6 58. Ke4 Kg5 59. Ke5 1-0

[Event "VIE-ch (Women)"]
[Site "Can Tho"]
[Date "2012.03.19"]
[Round "1"]
[White "Vo Thi Kim, Phung"]
[Black "Pham Thi Thu, Hoai"]
[Result "1/2-1/2"]
[WhiteElo "2156"]
[BlackElo "1917"]
[PlyCount "181"]
[EventDate "2012.03.19"]
[EventType "swiss"]
[EventRounds "9"]
[EventCountry "VIE"]
[SourceTitle "EXT 2013"]
[Source "ChessBase"]
[SourceDate "2012.11.22"]
[SourceVersion "1"]
[SourceVersionDate "2012.11.22"]
[SourceQuality "1"]

1. d4 d5 2. c4 c6 3. Nc3 Nf6 4. Nf3 dxc4 5. e3 Bg4 6. Bxc4 Nbd7 7. Qb3 e6 8. Qxb7 Bxf3 9. gxf3 Be7 10. Qxc6 0-0 11. Be2 Bb4 12. Qa4 Nd5 13. Bd2 N7b6 14. Qd1 Rc8 15. Nxd5 Bxd2+ 16. Qxd2 exd5 17. b3 Qg5 18. Bd3 Rc6 19. Ke2 f5 20. h4 Qh5 21. Rag1 h6 22. Rg3 Rff6 23. Kf1 Rc7 24. Bb5 Kh8 25. Kg2 Qf7 26. Re1 Nc8 27. Rc1 Nd6 28. Bd3 Re7 29. Rc5 Kh7 30. Qc2 Nb7 31. Rc8 g6 32. b4 h5 33. a4 Nd6 34. Rc5 Nb7 35. Rc3 Rd6 36. Rg5 Kh6 37. Qc1 Kh7 38. Rc8 Nd8 39. b5 Rdd7 40. Rc2 Rc7 41. Qa3 Rxc2 42. Bxc2 Rc7 43. Bb3 Qd7 44. Rg3 Ne6 45. f4 Qd8 46. Kh3 Rd7 47. Qa2 Nc7 48. Rg1 Qe7 49. Qc2 Ne8 50. Qd3 Nf6 51. Rc1 Ne4 52. Qc2 Qa3 53. Kg2 Qe7 54. f3 Nf6 55. Kf2 Ne8 56. Rh1 Rc7 57. Qd2 Qd8 58. Kg3 Nf6 59. Rc1 Re7 60. Rc6 Kg7 61. Qc1 Qd7 62. a5 Qe8 63. Rc7 Kh6 64. Rxe7 Qxe7 65. Qd2 Qc7 66. Bd1 Ne8 67. Be2 Nd6 68. Bf1 Nc4 69. Bxc4 Qxc4 70. b6 axb6 71. axb6 Qb3 72. Kh2 Qxb6 73. Qg2 Qe6 74. Qd2 Qe7 75. Kg3 Qa3 76. Kg2 Kg7 77. Qe2 Qa7 78. Kh3 Qa3 79. Kg3 Qc3 80. Kf2 Kh6 81. Qa2 Qd3 82. Qb2 Qd1 83. Qb4 Qc2+ 84. Kg3 Qe2 85. Qf8+ Kh7 86. Qe7+ Kh6 87. Qf8+ Kh7 88. Qf7+ Kh6 89. Qf8+ Kh7 90. Qe7+ Kh6 91. Qf8+ 1/2-1/2

[Event "Wch U18 Girls"]
[Site "Caldas Novas"]
[Date "2011.11.24"]
[Round "7"]
[White "Baciu, Diana"]
[Black "Vo Thi Kim, Phung"]
[Result "1-0"]
[WhiteElo "2205"]
[BlackElo "2156"]
[PlyCount "79"]
[EventDate "2011.11.18"]
[EventType "swiss"]
[EventRounds "9"]
[EventCountry "BRA"]
[SourceTitle "EXT 2013"]
[Source "ChessBase"]
[SourceDate "2012.11.22"]
[SourceVersion "1"]
[SourceVersionDate "2012.11.22"]
[SourceQuality "1"]

1. e4 c5 2. Nf3 Nc6 3. Bb5 Nd4 4. Nxd4 cxd4 5. c3 e5 6. 0-0 Bc5 7. d3 Nf6 8. c4 0-0 9. Ba4 h6 10. f4 exf4 11. Bxf4 a6 12. e5 Nh7 13. Nd2 d6 14. Qe1 dxe5 15. Qxe5 Be7 16. Rae1 Bf6 17. Qc5 Bd7 18. Bxd7 Qxd7 19. Ne4 Be7 20. Bd6 Bxd6 21. Nxd6 Rad8 22. Nf5 Rfe8 23. Ne7+ Kh8 24. Rxf7 Qg4 25. Qe5 Nf6 26. h3 Qg5 27. Qxg5 hxg5 28. Re5 g4 29. Rg5 Rxe7 30. Rxe7 Ne8 31. Rxg4 b5 32. c5 Kg8 33. b4 a5 34. bxa5 Ra8 35. Rxd4 Kf8 36. Rdd7 Rxa5 37. Ra7 Ra4 38. Rxa4 Kxe7 39. Re4+ Kd8 40. Rxe8+ 1-0

[Event "Wch U18 Girls"]
[Site "Caldas Novas"]
[Date "2011.11.23"]
[Round "6"]
[White "Vo Thi Kim, Phung"]
[Black "Papp, Petra"]
[Result "0-1"]
[WhiteElo "2156"]
[BlackElo "2265"]
[PlyCount "94"]
[EventDate "2011.11.18"]
[EventType "swiss"]
[EventRounds "9"]
[EventCountry "BRA"]
[SourceTitle "EXT 2013"]
[Source "ChessBase"]
[SourceDate "2012.11.22"]
[SourceVersion "1"]
[SourceVersionDate "2012.11.22"]
[SourceQuality "1"]

1. d4 d5 2. Nf3 Nf6 3. Bf4 c5 4. e3 Nc6 5. c3 Qb6 6. Qc2 g6 7. Nbd2 Bg7 8. dxc5 Qxc5 9. Nb3 Qb6 10. Bd3 Nh5 11. Bg3 Bg4 12. Nfd4 Nxg3 13. hxg3 e5 14. Nxc6 bxc6 15. 0-0 a5 16. Nc1 e4 17. Be2 Be6 18. Rb1 h5 19. b4 a4 20. c4 0-0 21. a3 d4 22. exd4 Bxd4 23. c5 Qd8 24. b5 cxb5 25. Rxb5 Bf5 26. Qc4 Qf6 27. Rb6 Be6 28. Qc2 Qe5 29. Rb4 Qxc5 30. Qxe4 Bxf2+ 31. Rxf2 Qxc1+ 32. Kh2 Qxa3 33. Rf6 Kg7 34. Rxe6 fxe6 35. Rb7+ Kh6 36. Bxh5 Rf5 37. Bxg6 Rg8 38. Qh4+ Kxg6 39. Qh7+ Kf6 40. Qf7+ Ke5 41. Rb5+ Kd4 42. Qd7+ Rd5 43. Qa7+ Kc4 44. Rc5+ Qxc5 45. Qxa4+ Qb4 46. Qc2+ Kb5 47. Qe2+ Ka5 0-1

[Event "Wch U18 Girls"]
[Site "Caldas Novas"]
[Date "2011.11.19"]
[Round "2"]
[White "Vo Thi Kim, Phung"]
[Black "Garcia Morales, Ivette Alejandra"]
[Result "1-0"]
[WhiteElo "2156"]
[BlackElo "1948"]
[PlyCount "83"]
[EventDate "2011.11.18"]
[EventType "swiss"]
[EventRounds "9"]
[EventCountry "BRA"]
[SourceTitle "EXT 2013"]
[Source "ChessBase"]
[SourceDate "2012.11.22"]
[SourceVersion "1"]
[SourceVersionDate "2012.11.22"]
[SourceQuality "1"]

1. d4 e6 2. Nf3 Nf6 3. Bg5 d5 4. e3 Be7 5. Bd3 b6 6. 0-0 Ba6 7. Bxa6 Nxa6 8. Ne5 Nb8 9. Nd2 Nfd7 10. Bxe7 Qxe7 11. Qg4 0-0 12. c3 f5 13. Qg3 Nxe5 14. dxe5 Nd7 15. f4 Nc5 16. Rad1 Rad8 17. Qh3 Qe8 18. b3 Ne4 19. Nxe4 dxe4 20. Qh4 Rd7 21. Qf2 Qd8 22. Qe2 Rff7 23. g4 g6 24. gxf5 gxf5 25. Kh1 Kh8 26. Rg1 Qe8 27. Qh5 Qf8 28. Rg5 Rxd1+ 29. Qxd1 Qe7 30. Rg2 Qd7 31. Rd2 Qe7 32. Rd8+ Kg7 33. Rd4 Kf8 34. Qh5 Kg8 35. Rd2 Rg7 36. Qd1 Rf7 37. Rg2+ Rg7 38. Rd2 Rf7 39. Rd4 Kf8 40. Rd8+ Kg7 41. Qg1+ Kh6 42. Rd7 1-0

[Event "Wch U20 Girls 29th"]
[Site "Chennai"]
[Date "2011.08.13"]
[Round "11"]
[White "Tokhirjanova, Hulkar"]
[Black "Vo Thi Kim, Phung"]
[Result "1/2-1/2"]
[WhiteElo "2119"]
[BlackElo "2141"]
[PlyCount "99"]
[EventDate "2011.08.02"]
[EventType "swiss"]
[EventRounds "13"]
[EventCountry "IND"]
[SourceTitle "CBM 143 Extra"]
[Source "ChessBase"]
[SourceDate "2011.08.29"]
[SourceVersion "1"]
[SourceVersionDate "2011.08.29"]
[SourceQuality "1"]

1. e4 c5 2. Nf3 Nc6 3. d4 cxd4 4. Nxd4 Nf6 5. Nc3 d6 6. Bg5 e6 7. Qd2 a6 8. 0-0-0 Bd7 9. f4 Be7 10. Nf3 h6 11. Bh4 Rc8 12. e5 dxe5 13. fxe5 Nd5 14. Bxe7 Qxe7 15. Ne4 0-0 16. c4 Nb8 17. Kb1 Nb6 18. Bd3 Bc6 19. Qe3 N6d7 20. g4 Nc5 21. Nd6 Rc7 22. Bc2 Bxf3 23. Qxf3 Nc6 24. Rhe1 Nb4 25. Be4 Nxe4 26. Qxe4 Nc6 27. Rd3 Qg5 28. a3 Rb8 29. Ka2 Rd8 30. c5 a5 31. Rh3 Rf8 32. Rh5 Qg6 33. Qf3 Nd4 34. Qf4 Nc2 35. Re4 Rxc5 36. Qf3 f6 37. Rf4 Rd5 38. Ne4 Nd4 39. Qf2 Nc6 40. exf6 Rxh5 41. gxh5 Qxh5 42. fxg7 Rxf4 43. Qxf4 Qd5+ 44. b3 Kxg7 45. Qf6+ Kg8 46. Qg6+ Kf8 47. Qxh6+ Ke7 48. Qh4+ Kf8 49. Qh8+ Ke7 50. Qh4+ 1/2-1/2

[Event "Wch U20 Girls 29th"]
[Site "Chennai"]
[Date "2011.08.05"]
[Round "4"]
[White "Vo Thi Kim, Phung"]
[Black "Guo, Emma"]
[Result "1-0"]
[WhiteElo "2141"]
[BlackElo "2029"]
[PlyCount "110"]
[EventDate "2011.08.02"]
[EventType "swiss"]
[EventRounds "13"]
[EventCountry "IND"]
[SourceTitle "CBM 143 Extra"]
[Source "ChessBase"]
[SourceDate "2011.08.29"]
[SourceVersion "1"]
[SourceVersionDate "2011.08.29"]
[SourceQuality "1"]

1. d4 Nf6 2. Nf3 d5 3. c4 e6 4. Nc3 Be7 5. Bg5 h6 6. Bh4 b6 7. e3 Bb7 8. Rc1 0-0 9. Bd3 Nbd7 10. 0-0 Rc8 11. cxd5 Nxd5 12. Bxe7 Qxe7 13. Nxd5 Bxd5 14. Ba6 Rb8 15. Bb5 Rfc8 16. Bxd7 Qxd7 17. Ne5 Qe8 18. b3 Bb7 19. Qh5 f6 20. Qxe8+ Rxe8 21. Nc6 Bxc6 22. Rxc6 Re7 23. Rfc1 Rb7 24. Kf1 Kf7 25. Ke2 Ke8 26. e4 Kd8 27. Ke3 Rb8 28. g4 Kc8 29. b4 Kb7 30. a4 Rd8 31. b5 Ra8 32. R6c4 Rd8 33. Ra1 Ra8 34. Rg1 Rc8 35. a5 Rd8 36. a6+ Kb8 37. h4 Rf8 38. Rc6 Rh8 39. Rc2 Rd7 40. f3 Rhd8 41. Rd1 Rd6 42. f4 g6 43. Rc4 c5 44. bxc6 Kc7 45. e5 Rd5 46. exf6 b5 47. Rc2 b4 48. Rc4 Rb5 49. Rb1 b3 50. Rb2 Rdb8 51. Ke4 g5 52. fxg5 hxg5 53. hxg5 Rxg5 54. Kf4 Rgb5 55. Rc5 Rb4 1-0

[Event "VIE-ch (Women)"]
[Site "Ho Chi Minh City"]
[Date "2010.03.30"]
[Round "7"]
[White "Vo Thi Kim, Phung"]
[Black "Nguyen, Hoang Anh"]
[Result "1-0"]
[WhiteElo "2084"]
[BlackElo "2069"]
[PlyCount "87"]
[EventDate "2010.03.26"]
[EventType "swiss"]
[EventRounds "9"]
[EventCountry "VIE"]
[SourceTitle "CBM 135 Extra"]
[Source "ChessBase"]
[SourceDate "2010.05.04"]
[SourceVersion "1"]
[SourceVersionDate "2010.05.04"]
[SourceQuality "1"]

1. d4 g6 2. c4 Bg7 3. Nc3 d6 4. e4 Nf6 5. f3 c6 6. Be3 Nbd7 7. Nge2 Qc7 8. Qd2 a6 9. Bh6 Bxh6 10. Qxh6 b5 11. cxb5 axb5 12. Ng3 b4 13. Nd1 Qb6 14. Qe3 c5 15. dxc5 Qxc5 16. Ne2 0-0 17. Nc1 Qxe3+ 18. Nxe3 Nc5 19. Nc2 Rb8 20. Bc4 Nfd7 21. Nb3 Ne5 22. Nxc5 dxc5 23. Ne3 Nxc4 24. Nxc4 Be6 25. Ne5 Rfc8 26. Nd3 f6 27. Nf4 Bf7 28. Kd2 c4 29. Kc2 e5 30. Ne2 Rd8 31. Rhd1 b3+ 32. Kc3 Kg7 33. a4 Rbc8 34. Rxd8 Rxd8 35. Nc1 f5 36. a5 Ra8 37. Ne2 Ra6 38. Kb4 fxe4 39. fxe4 Kf6 40. Kb5 Ra8 41. a6 Rb8+ 42. Kc6 Be8+ 43. Kc7 Ra8 44. a7 1-0

[Event "VIE-ch (Women)"]
[Site "Ho Chi Minh City"]
[Date "2010.03.29"]
[Round "6"]
[White "Nguyen Thi Thu, Quyen"]
[Black "Vo Thi Kim, Phung"]
[Result "0-1"]
[WhiteElo "1968"]
[BlackElo "2084"]
[PlyCount "180"]
[EventDate "2010.03.26"]
[EventType "swiss"]
[EventRounds "9"]
[EventCountry "VIE"]
[SourceTitle "CBM 135 Extra"]
[Source "ChessBase"]
[SourceDate "2010.05.04"]
[SourceVersion "1"]
[SourceVersionDate "2010.05.04"]
[SourceQuality "1"]

1. d4 Nf6 2. Nf3 e6 3. e3 b6 4. Bd3 Bb7 5. c4 Bb4+ 6. Bd2 Qe7 7. Nc3 0-0 8. 0-0 d6 9. a3 Bxc3 10. Bxc3 Nbd7 11. Qe2 e5 12. dxe5 dxe5 13. Bf5 e4 14. Nd4 Ne5 15. Bh3 g6 16. Nb5 Ba6 17. Bxe5 Qxe5 18. Rfd1 c6 19. Nc3 Rad8 20. g3 Nd5 21. Rac1 Nxc3 22. Rxc3 Rd6 23. Rcc1 Rfd8 24. b3 Qc5 25. a4 Qb4 26. Rxd6 Qxd6 27. Bg4 Kf8 28. Kf1 h5 29. Rd1 Qxd1+ 30. Qxd1 Rxd1+ 31. Bxd1 Ke7 32. Ke1 Kd6 33. Kd2 Bc8 34. Kc3 Ke5 35. Be2 c5 36. Kd2 Bh3 37. Ke1 Kf5 38. Bf1 Kg4 39. Be2+ Kg5 40. Bf1 Bg4 41. Bg2 Bf5 42. Kd2 Kg4 43. Ke2 Kg5 44. Kd2 h4 45. Ke1 hxg3 46. hxg3 Kf6 47. Kd2 Ke5 48. Ke1 Bg4 49. Bf1 Kf5 50. Kd2 Bf3 51. Bh3+ Kg5 52. Bd7 f5 53. Ke1 Bh5 54. Bc6 Kg4 55. Bd5 g5 56. Be6 Bg6 57. Kf1 Kf3 58. Bd5 Bh5 59. Ke1 Bg4 60. Bc6 Kg2 61. Bd7 Bh3 62. Bc6 Kg1 63. Bd7 Kg2 64. Bc6 Kf3 65. Bd5 Bg4 66. Bc6 f4 67. gxf4 gxf4 68. exf4 Kxf4 69. Kd2 Bf3 70. Bd5 Ke5 71. Bf7 Bg2 72. Be8 Bf1 73. Bc6 Kf4 74. Bd5 Kf3 75. Bc6 Bd3 76. Ke1 Bc2 77. Bb5 Bxb3 78. Kf1 e3 79. Bc6+ Kf4 80. Bd5 Bxa4 81. Ke2 exf2 82. Kxf2 Ke5 83. Ke3 Bd7 84. Kd3 b5 85. Bf3 b4 86. Bd1 a5 87. Ke3 a4 88. Bc2 b3 89. Bd1 b2 90. Bc2 Bf5 0-1

[Event "VIE-ch (Women)"]
[Site "Ho Chi Minh City"]
[Date "2010.03.28"]
[Round "5"]
[White "Vo Thi Kim, Phung"]
[Black "Nguyen Thi Phuong, Thao"]
[Result "0-1"]
[WhiteElo "2084"]
[BlackElo "2046"]
[PlyCount "94"]
[EventDate "2010.03.26"]
[EventType "swiss"]
[EventRounds "9"]
[EventCountry "VIE"]
[SourceTitle "CBM 135 Extra"]
[Source "ChessBase"]
[SourceDate "2010.05.04"]
[SourceVersion "1"]
[SourceVersionDate "2010.05.04"]
[SourceQuality "1"]

1. d4 g6 2. c4 Bg7 3. Nc3 d6 4. e4 Nc6 5. Be3 e5 6. Nge2 Nf6 7. f3 0-0 8. Qd2 a6 9. d5 Ne7 10. g4 Ne8 11. 0-0-0 f5 12. gxf5 gxf5 13. Bg5 f4 14. Kb1 Bf6 15. Bxf6 Nxf6 16. Nc1 Bd7 17. Nb3 b6 18. Qf2 Kh8 19. Be2 Qe8 20. Rhg1 Ng6 21. Rg5 Rg8 22. Rdg1 h6 23. R5g2 Bh3 24. Rg4 Bxg4 25. fxg4 Nh7 26. Nd2 Qe7 27. Nf3 Ng5 28. Nd2 Nh3 29. Qf1 Nxg1 30. Qxg1 Raf8 31. a4 Nh4 32. Nf3 h5 33. h3 Nxf3 34. Bxf3 Qh4 35. Qd1 Qxh3 36. gxh5 Rg3 37. Be2 f3 38. Bf1 Qxh5 39. Qd3 Rg1 40. Nd1 Qg6 41. Ka2 Qg3 42. Ne3 f2 43. Qe2 Qf3 44. Qd2 Qh1 45. b3 Rf4 46. Qe2 Qf3 47. Qd2 Rg3 0-1

[Event "WchT (Women) 2nd"]
[Site "Ningbo"]
[Date "2009.09.03"]
[Round "2"]
[White "Vo Thi Kim, Phung"]
[Black "Cyfka, Karina"]
[Result "0-1"]
[WhiteElo "2078"]
[BlackElo "2321"]
[PlyCount "92"]
[EventDate "2009.09.02"]
[EventType "team-tourn"]
[EventRounds "9"]
[EventCountry "CHN"]
[SourceTitle "CBM 132 Extra"]
[Source "ChessBase"]
[SourceDate "2009.11.03"]
[SourceVersion "1"]
[SourceVersionDate "2009.11.03"]
[SourceQuality "1"]
[WhiteTeam "Vietnam (W)"]
[BlackTeam "Poland (W)"]
[WhiteTeamCountry "VIE"]
[BlackTeamCountry "POL"]

1. d4 d6 2. c4 e5 3. d5 Be7 4. Nf3 f5 5. Nc3 Nd7 6. e4 f4 7. Be2 a5 8. h4 Nc5 9. g3 fxg3 10. fxg3 Nf6 11. Qc2 0-0 12. Nh2 Qe8 13. Bg5 Qg6 14. Nf1 h6 15. Bxf6 Rxf6 16. 0-0-0 Rf8 17. Kb1 Bd7 18. Ka1 a4 19. Kb1 Rf7 20. g4 Bxg4 21. Bxg4 Qxg4 22. Ne3 Qh5 23. Nf5 Bf8 24. Rdf1 g6 25. Rhg1 Bg7 26. Nxg7 Rxg7 27. Qf2 Nd3 28. Qg3 Nf4 29. Rf2 Kh7 30. Rxf4 exf4 31. Qxf4 a3 32. c5 Ra6 33. b4 dxc5 34. bxc5 Ra5 35. Qe3 Qe5 36. Rg2 Rf7 37. Kc2 c6 38. Rd2 cxd5 39. Rxd5 Qh2+ 40. Rd2 Qc7 41. Rd5 Qc6 42. e5 Rb5 43. Kd3 Rb2 44. Qe4 Qa6+ 45. Ke3 Qf1 46. e6 Qh3+ 0-1

[Event "Wch U16 Girls"]
[Site "Vung Tau"]
[Date "2008.10.30"]
[Round "11"]
[White "Repina, Varvara"]
[Black "Vo Thi Kim, Phung"]
[Result "1-0"]
[WhiteElo "2258"]
[BlackElo "2052"]
[PlyCount "121"]
[EventDate "2008.10.20"]
[EventType "swiss"]
[EventRounds "11"]
[EventCountry "VIE"]
[SourceTitle "EXT 2009"]
[Source "ChessBase"]
[SourceDate "2008.11.26"]
[SourceVersion "1"]
[SourceVersionDate "2008.11.26"]
[SourceQuality "1"]

1. e4 c5 2. Nf3 Nc6 3. d4 cxd4 4. Nxd4 Nf6 5. Nc3 g6 6. Nxc6 bxc6 7. e5 Ng8 8. Bc4 Qa5 9. Bf4 Bg7 10. Qf3 Ba6 11. Bxa6 Qxa6 12. 0-0-0 Rd8 13. Rhe1 Qa5 14. Re4 f5 15. Ra4 Qb6 16. Be3 Bh6 17. h4 Rb8 18. b3 Bxe3+ 19. fxe3 Qc5 20. e4 Qxe5 21. exf5 gxf5 22. Rxa7 Nf6 23. Ra4 Rg8 24. Rd3 Ng4 25. Rf4 e6 26. Rfd4 Rg7 27. h5 Qf6 28. Qe2 Rd8 29. Kb1 Ne5 30. Rd1 Nf7 31. Na4 Qe7 32. Nb6 d5 33. Re1 Ng5 34. Qe5 Ne4 35. h6 Rf7 36. a4 c5 37. Rdd1 Qd6 38. Nc4 Qxe5 39. Nxe5 Rf6 40. Kb2 Rxh6 41. Rh1 Rxh1 42. Rxh1 Ng5 43. Rh5 Nf7 44. Nd3 h6 45. Nxc5 Ke7 46. a5 Rb8 47. Ka3 Kd6 48. b4 f4 49. a6 Rg8 50. Rh2 e5 51. Ka4 Kc6 52. Ka5 h5 53. Rxh5 Rxg2 54. a7 Rg8 55. Ka6 Re8 56. Nd3 Kd6 57. b5 Rc8 58. b6 Nd8 59. Rh6+ Ke7 60. b7 Rxc2 61. b8Q 1-0